On the margins (Record no. 117921)

MARC details
000 -LEADER
fixed length control field 01639cam a2200253 4500
001 - CONTROL NUMBER
control field ABS68137
008 - FIXED-LENGTH DATA ELEMENTS--GENERAL INFORMATION
fixed length control field 040831n2004 000 0 eng u
035 ## - SYSTEM CONTROL NUMBER
System control number (Sirsi) u127216
100 ## - MAIN ENTRY--PERSONAL NAME
Personal name Webb, S.
245 ## - TITLE STATEMENT
Title On the margins
260 ## - PUBLICATION, DISTRIBUTION, ETC.
Date of publication, distribution, etc. 2004
490 ## - SERIES STATEMENT
Series statement Inside Housing
Volume/sequential designation 21(30) 30 July 2004, 35(1)
520 ## - SUMMARY, ETC.
Summary, etc. Considers the "National strategy for housing market restructuring", devised by the Chartered Institute of Housing in partnership with the National Housing Federation in response to government admission that 50% of areas experiencing low demand and abandonment are outside areas covered by the nine housing market renewal pathfinders. The strategy recognises that low demand problems actually exist along a varying continuum as illustrated by the four areas in northern England and the Midlandsexamined in the strategy. These areas share the same market dysfunction blighting the pathfinder areas but also manifest crucial differences. The strategy assumes that market restructuring is as important a priority as growth and that a long-term, cross-tenure and integrated approach is essential. View the national strategy at www.cih.org.
590 ## - LOCAL NOTE (RLIN)
Local note ABS
590 ## - LOCAL NOTE (RLIN)
Local note ABS
650 ## - SUBJECT ADDED ENTRY--TOPICAL TERM
Topical term or geographic name entry element LOW DEMAND
650 ## - SUBJECT ADDED ENTRY--TOPICAL TERM
Topical term or geographic name entry element ABANDONMENT
650 ## - SUBJECT ADDED ENTRY--TOPICAL TERM
Topical term or geographic name entry element MARKET RENEWAL PATHFINDER AREAS
650 ## - SUBJECT ADDED ENTRY--TOPICAL TERM
Topical term or geographic name entry element RESTRUCTURING
690 ## - LOCAL SUBJECT ADDED ENTRY--TOPICAL TERM (OCLC, RLIN)
Topical term or geographic name as entry element HOUSING-MARKET
856 ## - ELECTRONIC LOCATION AND ACCESS
Uniform Resource Identifier <a href="https://www.cih.org/policy/NSHMR.pdf">https://www.cih.org/policy/NSHMR.pdf</a>
Public note View the national strategy at on the Chartered Institute of Housing website...
856 ## - ELECTRONIC LOCATION AND ACCESS
Uniform Resource Identifier <a href="https://www.cih.org/policy/NSHMR.pdf">https://www.cih.org/policy/NSHMR.pdf</a>
Public note View the national strategy at on the Chartered Institute of Housing website...
942 ## - ADDED ENTRY ELEMENTS (KOHA)
Suppress in OPAC 0
Holdings
Withdrawn status Lost status Source of classification or shelving scheme Damaged status Not for loan Home library Current library Shelving location Date acquired Total Checkouts Full call number Barcode Date last seen Copy number Price effective from Koha item type
    Dewey Decimal Classification     London London Journal article 31/08/2004   ABS68137 127216-1001 06/08/2019 1 06/08/2019 Journal article